| 000 | 00627nam a2200253Ia 4500 | ||
|---|---|---|---|
| 003 | OSt | ||
| 005 | 20221007094803.0 | ||
| 006 | a|||||r|||| 00| 0 | ||
| 007 | ta | ||
| 008 | 221006b |||||||| |||| 00| 0 eng d | ||
| 024 | _a51 | ||
| 037 | _cTextual | ||
| 040 |
_aLCO _cLCO _beng |
||
| 041 |
_2eng _aeng |
||
| 082 | _aZ2,7,26, M4 | ||
| 100 |
_aPANDEY D.N.R _9700590 |
||
| 245 | 0 | _aLimitation Act | |
| 250 | _a8 | ||
| 260 |
_aAllahabad _bCentral Law Agency _c1984 |
||
| 300 | _a132 | ||
| 650 |
_aLIMITATION ACT _9681746 |
||
| 942 |
_hZ2,7,26, M4 _cTEXL |
||
| 999 |
_c1169614 _d1169614 |
||